Metallurgy of Welding

Guardado en:
Detalles Bibliográficos
Autor principal: Lancaster, J.F (Autor)
Formato: Libro
Lenguaje:inglés
Publicado: Cambridge : Abington Publishing, 1999
Edición:6. Edition
Materias:
Etiquetas: Agregar Etiqueta
Sin Etiquetas, Sea el primero en etiquetar este registro!

MARC

LEADER 00000nam a22000003a 4500
001 stu77147
005 20150617225645.5
008 020910s1999----uk------------------eng-d
020 |a 1-85573-428-1 
040 |a STU  |b slo 
041 0 |a eng 
044 |a uk 
080 |a 669.01 
080 |a 621.762 
100 1 |a Lancaster, J.F  |4 aut 
245 1 |a Metallurgy of Welding 
250 |a 6. Edition 
260 |a Cambridge :  |b Abington Publishing,  |c 1999 
300 |a 446 s 
650 7 |a metalurgia  |2 stusub 
650 7 |a zváranie  |2 stusub 
996 |b 284M057754  |c M*11433-1  |l MMKN  |s A  |a 24  |w stu77147_0001